[Event "Titled Tue 1st Jul Late"]
[Site "chess.com INT"]
[Date "2025.07.01"]
[Round "10"]
[White "Moreira, Ronaldo Alonso"]
[Black "Jakovljevic, Dejan"]
[Result "0-1"]
[BlackTitle "CM"]
[WhiteElo "2094"]
[BlackElo "1956"]
[WhiteFideId "2110547"]
[BlackFideId "949418"]
[EventDate "2025.07.01"]

1. d4 Nf6 2. c4 e5 3. dxe5 Ng4 4. Nf3 Bc5 5. e3 Nc6 6. Be2 Ngxe5 7. Nxe5 Nxe5 8.
Nc3 O-O 9. O-O a5 10. Na4 Be7 11. c5 d6 12. cxd6 Bxd6 13. b3 Bd7 14. Nc3 Qh4 15.
h3 Bxh3 16. gxh3 Qxh3 17. f4 Qg3+ 18. Kh1 Rfe8 19. Qe1 Qh3+ 20. Kg1 Re6 21. Ne4
Rg6+ 22. Ng5 h6 23. Qf2 hxg5 24. f5 Rh6 25. Qg2 Qxg2+ 26. Kxg2 Nc6 27. Rh1 Be5
28. Rb1 Nb4 29. Bb2 Bxb2 30. Rxb2 Re8 31. Rxh6 gxh6 32. Kf2 Nd5 33. Bf3 Nxe3 34.
Re2 Nd1+ 35. Ke1 Rxe2+ 36. Bxe2 Nc3 37. Bf3 b6 38. a3 Nb5 39. a4 Nd6 0-1

[Event "Titled Tue 1st Jul Late"]
[Site "chess.com INT"]
[Date "2025.07.01"]
[Round "10"]
[White "Fadi, Marko"]
[Black "Filippova, Margarita"]
[Result "1-0"]
[WhiteTitle "FM"]
[BlackTitle "WFM"]
[WhiteElo "2298"]
[BlackElo "2026"]
[WhiteFideId "10605371"]
[BlackFideId "34199680"]
[EventDate "2025.07.01"]

1. b3 d5 2. Bb2 Bf5 3. Nf3 h6 4. g3 e6 5. Bg2 Nf6 6. O-O Nbd7 7. d3 Be7 8. Nbd2
O-O 9. Re1 a5 10. e4 Bg4 11. h3 Bxf3 12. Qxf3 dxe4 13. Nxe4 c6 14. a3 Nxe4 15.
dxe4 Bf6 16. e5 Be7 17. Rad1 Qc7 18. Qg4 Rad8 19. Rd6 g6 20. Rdd1 h5 21. Qf4 Nb6
22. c4 Rxd1 23. Rxd1 Rd8 24. Rxd8+ Qxd8 25. Qd4 Qxd4 26. Bxd4 Nd7 27. a4 Bc5 28.
Bb2 Bb4 29. Be4 Nc5 30. Bc2 Kf8 31. Kf1 Ke7 32. Ke2 Nd7 33. f3 Bc5 34. g4 hxg4
35. fxg4 g5 36. Bc1 f6 37. exf6+ Kxf6 38. Bb2+ e5 39. Kf3 Bd4 40. Bc1 Nc5 41.
Kg3 e4 42. h4 Be5+ 43. Kh3 Bf4 44. Bxf4 gxf4 45. g5+ Ke5 46. Kg4 e3 47. Kf3 Ne6
48. Bd3 Nd4+ 49. Kg2 f3+ 50. Kg3 e2 51. Kf2 Nxb3 52. h5 Nc1 53. Bc2 b5 54. cxb5
cxb5 55. h6 bxa4 56. h7 a3 57. h8=Q+ Kf4 58. Qf6+ Kg4 59. Qf5+ Kh4 60. Qxf3 a2
61. Qf4+ Kh5 62. Qxc1 1-0

[Event "Titled Tue 1st Jul Late"]
[Site "chess.com INT"]
[Date "2025.07.01"]
[Round "10"]
[White "Deng, Henry"]
[Black "Titichoca Daza, Daniel"]
[Result "0-1"]
[WhiteTitle "FM"]
[BlackTitle "CM"]
[WhiteElo "2327"]
[BlackElo "2126"]
[WhiteFideId "30965454"]
[BlackFideId "3309550"]
[EventDate "2025.07.01"]

1. Nf3 Nf6 2. b3 c5 3. Bb2 Nc6 4. e3 g6 5. Bb5 Bg7 6. O-O O-O 7. Bxc6 bxc6 8. c4
d6 9. Nc3 e5 10. d3 Nh5 11. Rc1 f5 12. Nd2 Nf6 13. Ne2 Qe7 14. Qc2 g5 15. Rfe1
g4 16. d4 cxd4 17. exd4 e4 18. d5 c5 19. Nf1 Nh5 20. Bxg7 Qxg7 21. Nc3 Bd7 22.
Qd2 Rae8 23. Ng3 Nxg3 24. hxg3 Kh8 25. Qf4 Rf6 26. Nd1 h5 27. Ne3 Re5 28. Kf1
Kg8 29. Ke2 a5 30. Rh1 Be8 31. Kd2 Bg6 32. Rh4 a4 33. Rch1 Rf7 34. Rxh5 axb3 35.
Rh8+ Qxh8 36. Rxh8+ Kxh8 37. axb3 Kg7 38. Nc2 Ra7 39. Kc3 Ra2 40. Qg5 f4 41.
Qxf4 Rxc2+ 42. Kxc2 e3+ 43. Kd1 Bc2+ 44. Ke1 exf2+ 45. Kxf2 Rf5 46. Qxf5 Bxf5 0-1

[Event "Titled Tue 1st Jul Late"]
[Site "chess.com INT"]
[Date "2025.07.01"]
[Round "10"]
[White "Shuvalov, Evgenij"]
[Black "Dzida, Kamil"]
[Result "0-1"]
[BlackTitle "IM"]
[WhiteElo "1986"]
[BlackElo "2411"]
[WhiteFideId "4187237"]
[BlackFideId "21828652"]
[EventDate "2025.07.01"]

1. d4 Nf6 2. c4 e6 3. Nf3 b6 4. Bf4 Bb7 5. e3 Bb4+ 6. Nfd2 O-O 7. a3 Bd6 8. Bg3
Nc6 9. Nc3 Bxg3 10. hxg3 e5 11. d5 Ne7 12. Bd3 Ng6 13. Nde4 Nxe4 14. Nxe4 f5 15.
Qh5 fxe4 16. Qxh7+ Kf7 17. Bxe4 Qf6 18. Rh6 Rh8 19. Qxg6+ Qxg6 20. Bxg6+ Kf6 21.
Rxh8 Rxh8 22. Bd3 Rh1+ 23. Bf1 c6 24. dxc6 Bxc6 25. O-O-O d5 26. cxd5 Ba4 27.
Be2 Bxd1 28. Bxd1 e4 29. Kd2 Ke5 30. Bc2 Rg1 31. Ke2 Kxd5 32. Bb3+ Ke5 33. Bc2
Rxg2 34. Kf1 Rh2 35. Kg1 Rh6 36. Kf1 Rc6 37. Ba4 Rc1+ 38. Ke2 Rb1 39. b4 Ra1 40.
Bc6 a6 41. a4 Ra2+ 42. Kf1 Rb2 43. Bb7 Rxb4 44. Bxa6 Rxa4 45. Bb5 Rb4 46. Be8
Rb2 47. Kg2 b5 48. g4 b4 49. Kg3 b3 50. Ba4 Rb1 51. Kh4 b2 52. Kg5 Rc1 0-1

[Event "Titled Tue 1st Jul Late"]
[Site "chess.com INT"]
[Date "2025.07.01"]
[Round "10"]
[White "Holinka, Henning"]
[Black "Rustemov, Alexander"]
[Result "1-0"]
[WhiteTitle "FM"]
[BlackTitle "GM"]
[WhiteElo "2303"]
[BlackElo "2525"]
[WhiteFideId "12967084"]
[BlackFideId "4119002"]
[EventDate "2025.07.01"]

1. Nf3 d5 2. g3 c6 3. Bg2 Bf5 4. O-O e6 5. d3 h6 6. c4 dxc4 7. dxc4 Nd7 8. Nc3
Ngf6 9. Bf4 Be7 10. Qd2 O-O 11. Rfd1 Qc8 12. Qe1 Rd8 13. e4 Bh7 14. Ne5 Nxe5 15.
Bxe5 Nd7 16. Bd4 Qc7 17. Rd2 a5 18. Rad1 Bc5 19. Qe3 Bxd4 20. Qxd4 g5 21. Qd6
Qb6 22. Qe7 Qb4 23. Rxd7 Rxd7 24. Rxd7 Bg6 25. Rxb7 Qxc4 26. Qd6 a4 27. Rb8+
Rxb8 28. Qxb8+ Kg7 29. Qa7 Qd3 30. Qxa4 Qd2 31. Qb3 h5 32. a4 h4 33. a5 Bh5 34.
a6 Qe1+ 35. Bf1 Bf3 36. a7 Qa1 37. Qa3 Qe1 38. a8=Q h3 39. Qa1 Qd2 40. Qb1 Bg2
41. Bxg2 hxg2 42. Qxc6 1-0

[Event "Titled Tue 1st Jul Late"]
[Site "chess.com INT"]
[Date "2025.07.01"]
[Round "10"]
[White "Abdurakhmonov, Mukhammadali"]
[Black "Munoz, Miguel"]
[Result "0-1"]
[WhiteTitle "IM"]
[BlackTitle "GM"]
[WhiteElo "2348"]
[BlackElo "2321"]
[WhiteFideId "14207346"]
[BlackFideId "3800229"]
[EventDate "2025.07.01"]

1. e4 d5 2. exd5 Qxd5 3. Nc3 Qa5 4. h3 e5 5. Nf3 Nc6 6. Bb5 Bd7 7. O-O O-O-O 8.
d3 a6 9. Bc4 f5 10. Ng5 Nh6 11. Ne6 Re8 12. Nxf8 Rhxf8 13. Bd2 Qc5 14. b4 Qxb4
15. Rb1 Qd6 16. Kh1 Nd4 17. f4 Nf7 18. Qh5 Qg6 19. Qh4 Bc6 20. Rf2 e4 21. Be3
Rd8 22. dxe4 fxe4 23. Bxd4 Rxd4 24. f5 Qf6 25. Be6+ Kb8 26. Qg3 Nd6 27. Qe3 Qe5
28. Ne2 Ra4 29. Bb3 Nxf5 30. Qc3 Ra5 31. Qxe5 Rxe5 32. Kg1 e3 33. Rf4 g5 34. Rg4
h6 35. Rf1 Rd8 36. Bc4 Rd2 37. Bd3 Nh4 38. Rf8+ Ka7 39. Rf7 Kb6 40. Rb4+ Ka5 41.
a3 Bb5 42. Nd4 Rxg2+ 43. Kh1 Rf2 44. Rxc7 e2 45. Bxe2 Rexe2 46. Nxe2 Rxe2 47. c4
Bc6+ 48. Kg1 Nf5 49. c5 Ng3 0-1

[Event "Titled Tue 1st Jul Late"]
[Site "chess.com INT"]
[Date "2025.07.01"]
[Round "10"]
[White "Budzisz, Adrian"]
[Black "Shukhman, Anna"]
[Result "1/2-1/2"]
[WhiteTitle "CM"]
[BlackTitle "WGM"]
[WhiteElo "2100"]
[BlackElo "2413"]
[WhiteFideId "21860238"]
[BlackFideId "54180058"]
[EventDate "2025.07.01"]

1. Nf3 d5 2. g3 Nf6 3. Bg2 g6 4. O-O Bg7 5. d3 O-O 6. Nbd2 c5 7. h3 Nc6 8. e4
dxe4 9. dxe4 Qc7 10. c3 Rd8 11. Qc2 b6 12. Re1 Nd7 13. Nf1 Bb7 14. Bf4 Nce5 15.
Nxe5 Bxe5 16. Bh6 c4 17. Ne3 Nc5 18. Nxc4 Nd3 19. Re3 Qxc4 20. Bf1 Bxe4 21. Qe2
f5 22. f3 Bd6 23. fxe4 Bc5 24. Rd1 Qxe4 25. Bg2 Nf4 26. Bxf4 Bxe3+ 27. Bxe3
Rxd1+ 28. Kf2 Qb1 29. Bxa8 Rd8 30. Qc4+ Kg7 31. Bf3 Qc2+ 32. Be2 Rd6 33. Qc7 Re6
34. Qf4 Re4 35. Qf3 Qb1 36. g4 Qxb2 37. gxf5 gxf5 38. Qxf5 Ra4 39. Bd4+ Rxd4 40.
cxd4 Qxd4+ 41. Kf3 Qc3+ 42. Kf4 Qd2+ 43. Kf3 Qc3+ 44. Kf2 Qd4+ 45. Kf3 Qc3+ 1/2-1/2

[Event "Titled Tue 1st Jul Late"]
[Site "chess.com INT"]
[Date "2025.07.01"]
[Round "10"]
[White "Ibrahimli, Murad"]
[Black "Sargsyan, Shant"]
[Result "1-0"]
[WhiteTitle "IM"]
[BlackTitle "GM"]
[WhiteElo "2448"]
[BlackElo "2669"]
[WhiteFideId "13410229"]
[BlackFideId "13306766"]
[EventDate "2025.07.01"]

1. d4 g6 2. Nf3 Nf6 3. c4 Bg7 4. Nc3 O-O 5. g3 d6 6. Bg2 Nbd7 7. O-O e5 8. e4
Re8 9. Re1 b6 10. d5 a5 11. Nd2 Rf8 12. Qc2 h5 13. Nf3 Nc5 14. Nh4 Nh7 15. b3
Bf6 16. Nf3 h4 17. Bh6 Bg7 18. Bxg7 Kxg7 19. Nxh4 Rh8 20. Qd2 Ng5 21. Qe3 Qf6
22. Nb5 Bd7 23. Rad1 Bxb5 24. cxb5 Rh5 25. Rf1 Rah8 26. f4 exf4 27. Rxf4 Qe5 28.
Rdf1 Nd7 29. Bf3 R5h6 30. Bg4 Nc5 31. Nf5+ gxf5 32. Rxf5 f6 33. Rxe5 dxe5 34. h4
Ngxe4 35. Bf5 Nd6 36. Bc2 Rf8 37. a3 Nd7 38. Qc3 Rc8 39. Qc6 Nf8 40. Bf5 Nxf5
41. Rxf5 e4 42. d6 Kg6 43. Rxf6+ Kxf6 44. d7+ 1-0

[Event "Titled Tue 1st Jul Late"]
[Site "chess.com INT"]
[Date "2025.07.01"]
[Round "10"]
[White "Sheehan, Ethan"]
[Black "Hauge, Lars Oskar"]
[Result "1-0"]
[BlackTitle "GM"]
[WhiteElo "2364"]
[BlackElo "2462"]
[WhiteFideId "30943965"]
[BlackFideId "1509276"]
[EventDate "2025.07.01"]

1. d4 f5 2. Nf3 Nf6 3. g3 g6 4. Bg2 Bg7 5. O-O O-O 6. c4 d6 7. Nc3 Nc6 8. Re1 e5
9. d5 Ne7 10. e4 h6 11. exf5 Bxf5 12. Nd2 g5 13. Nde4 Ng6 14. Qe2 Qd7 15. Nxf6+
Rxf6 16. Ne4 Rf7 17. Be3 Raf8 18. Rac1 b6 19. b4 Bg4 20. Qd3 Ne7 21. c5 Nf5 22.
cxd6 cxd6 23. Rc6 Nxe3 24. Qxe3 Rf3 25. Qd2 Ra3 26. Rxd6 Qa4 27. Ra1 Bf5 28. Rc6
a5 29. Rxb6 Rc8 30. Rc6 Rd8 31. Rc5 axb4 32. d6 b3 33. Nc3 Qd4 34. Qb2 Rxa2 35.
Qxb3+ Kh8 36. Qxa2 e4 37. Rxf5 Qxc3 38. Rd1 e3 39. fxe3 Qxe3+ 40. Qf2 Qb3 41.
Qf3 Qb6+ 42. Kh1 Rxd6 43. Rf8+ Kh7 44. Qf5+ Rg6 45. Be4 Bxf8 46. Qxf8 1-0

[Event "Titled Tue 1st Jul Late"]
[Site "chess.com INT"]
[Date "2025.07.01"]
[Round "10"]
[White "Unver, Cumayi"]
[Black "Shymanskyi, Oleksandr"]
[Result "1/2-1/2"]
[BlackTitle "FM"]
[WhiteElo "2012"]
[BlackElo "2218"]
[WhiteFideId "6304940"]
[BlackFideId "14168880"]
[EventDate "2025.07.01"]

1. d4 Nf6 2. Nf3 e6 3. Bf4 d5 4. e3 Bd6 5. c3 c5 6. Nbd2 Qc7 7. Bxd6 Qxd6 8. Bd3
Nbd7 9. O-O O-O 10. Rc1 e5 11. dxe5 Nxe5 12. Nxe5 Qxe5 13. Nf3 Qc7 14. c4 Be6
15. Qc2 b6 16. b3 Rad8 17. cxd5 Bxd5 18. Be2 Be4 19. Qc3 Nd5 20. Qb2 Rfe8 21.
Rfd1 Nb4 22. a3 Nd3 23. Bxd3 Bxd3 24. Rd2 Be4 25. Rcd1 Bxf3 26. gxf3 Rxd2 27.
Qxd2 Kf8 28. f4 Ke7 29. Qc3 f6 30. Qc4 Rd8 31. Rxd8 Qxd8 32. a4 Qd1+ 33. Kg2
Qg4+ 34. Kf1 Qe6 35. Ke2 Qg4+ 36. Kf1 Qd1+ 37. Kg2 Kd6 38. h3 Qd5+ 39. e4 Qd2
40. Kf3 h5 41. h4 Qd1+ 42. Ke3 Qe1+ 43. Kf3 Qh1+ 44. Ke3 Qe1+ 45. Kf3 Qd1+ 46.
Ke3 g6 47. Qf7 Qe1+ 48. Kf3 Qh1+ 49. Ke3 Qe1+ 50. Kf3 Qh1+ 51. Kg3 Qg1+ 52. Kf3
Qh1+ 1/2-1/2

[Event "Titled Tue 1st Jul Late"]
[Site "chess.com INT"]
[Date "2025.07.01"]
[Round "10"]
[White "Ciocan, Maria-Alexandra"]
[Black "Leinov, Roman"]
[Result "0-1"]
[BlackTitle "CM"]
[WhiteElo "1998"]
[BlackElo "2120"]
[WhiteFideId "1227130"]
[BlackFideId "13504649"]
[EventDate "2025.07.01"]

1. e4 c5 2. Nf3 g6 3. c3 Bg7 4. Bd3 e6 5. Bc2 Nc6 6. O-O d5 7. exd5 Qxd5 8. d3
Nge7 9. Bf4 O-O 10. Bb3 Qd8 11. Qe2 b6 12. Nbd2 Ba6 13. Nc4 Rc8 14. Rad1 Nd5 15.
Bg5 Qc7 16. Bh4 Nf4 17. Qe3 Nd5 18. Qg5 Qf4 19. Qxf4 Nxf4 20. Bg3 Ne2+ 21. Kh1
Nxg3+ 22. hxg3 Rfd8 23. Rfe1 b5 24. Nce5 Nxe5 25. Nxe5 Bb7 26. Kg1 a6 27. Kf1
Bd5 28. f3 a5 29. Kf2 a4 30. Bxd5 Rxd5 31. Ng4 Rcd8 32. Re3 a3 33. b3 Bxc3 34.
Ke2 h5 35. Nf2 Bd4 36. Re4 Bxf2 37. Kxf2 Rxd3 38. Rxd3 Rxd3 39. Ke2 Rd4 40. Re5
Rd5 41. Re4 b4 42. Rc4 Kf8 43. Ke3 Ke7 44. Ke2 Kd6 45. Ke3 Rd1 46. Rc2 Kd5 47.
Ke2 Rb1 48. Ke3 Rb2 49. Rc1 Rxa2 50. Rd1+ Kc6 51. Kf4 Rxg2 0-1

[Event "Titled Tue 1st Jul Late"]
[Site "chess.com INT"]
[Date "2025.07.01"]
[Round "10"]
[White "Hilwerda, Jonas"]
[Black "Papacek, Stepan"]
[Result "1-0"]
[WhiteTitle "FM"]
[BlackTitle "FM"]
[WhiteElo "2254"]
[BlackElo "2225"]
[WhiteFideId "1046713"]
[BlackFideId "301035"]
[EventDate "2025.07.01"]

1. e4 e6 2. d4 d5 3. Bd3 Nc6 4. c3 dxe4 5. Bxe4 Nf6 6. Bf3 Bd6 7. Ne2 e5 8.
Bxc6+ bxc6 9. dxe5 Bxe5 10. Qxd8+ Kxd8 11. Na3 Be6 12. Bf4 Bd6 13. O-O-O Ke7 14.
Bxd6+ cxd6 15. Nd4 c5 16. Nxe6 fxe6 17. Rhe1 d5 18. Nb5 Rhc8 19. f3 a6 20. Na3
Rab8 21. Re2 Rb6 22. Nc2 Rcb8 23. b3 a5 24. Ne3 Kf7 25. Kc2 a4 26. Rb1 axb3+ 27.
axb3 Ra8 28. g4 Ra2+ 29. Rb2 Rxb2+ 30. Kxb2 d4 31. Nc4 Ra6 32. cxd4 cxd4 33. Rd2
h5 34. Rxd4 hxg4 35. Ne5+ Ke7 36. Nxg4 Nd5 37. Ne5 Kf6 38. Nd3 Kf5 39. b4 Ra8
40. Kb3 Rh8 41. h4 g5 42. hxg5 Kxg5 43. b5 Rb8 44. Kc4 Kf5 45. Nc5 Nc7 46. Na6
Nxa6 47. bxa6 Ra8 48. Kb5 Ke5 49. Rd3 1-0

[Event "Titled Tue 1st Jul Late"]
[Site "chess.com INT"]
[Date "2025.07.01"]
[Round "10"]
[White "Villa Tornero, Alex"]
[Black "Pribelszky, Bence"]
[Result "1-0"]
[WhiteTitle "FM"]
[BlackTitle "IM"]
[WhiteElo "2211"]
[BlackElo "2396"]
[WhiteFideId "54501091"]
[BlackFideId "769738"]
[EventDate "2025.07.01"]

1. e4 c5 2. Nf3 Nf6 3. Nc3 d6 4. d4 cxd4 5. Nxd4 e6 6. g4 Be7 7. g5 Nfd7 8. h4
Nc6 9. Be3 a6 10. Qd2 Qc7 11. h5 Nde5 12. O-O-O b5 13. Be2 b4 14. Na4 Rb8 15. f4
Bd7 16. fxe5 Nxd4 17. Bxd4 Bxa4 18. exd6 Bxd6 19. b3 Bf4 20. Be3 Qe5 21. Kb1
Bxe3 22. Qxe3 Bc6 23. g6 O-O 24. gxh7+ Kh8 25. h6 g5 26. Rhg1 f6 27. Bc4 Bxe4
28. Rge1 f5 29. Qxg5 Qc3 30. Re2 Rb7 31. Bxe6 Kxh7 32. Rg1 Rc7 33. Qg6+ Kh8 34.
Qg7+ Rxg7 35. hxg7+ Qxg7 36. Rh2+ Qh7 37. Rxh7+ Kxh7 38. Kc1 Re8 39. Bf7 Re7 40.
Bc4 a5 41. Kd2 Rd7+ 42. Ke3 Kh6 43. Kf4 Rd2 44. Ke5 Rxc2 45. Kf6 Rxa2 46. Bf7 f4
47. Rg4 Rf2 48. Rh4# 1-0

[Event "Titled Tue 1st Jul Late"]
[Site "chess.com INT"]
[Date "2025.07.01"]
[Round "10"]
[White "Lebedev, Artem S."]
[Black "Bluebaum, Matthias"]
[Result "0-1"]
[WhiteTitle "CM"]
[BlackTitle "GM"]
[WhiteElo "2164"]
[BlackElo "2663"]
[WhiteFideId "34272747"]
[BlackFideId "24651516"]
[EventDate "2025.07.01"]

1. e4 e6 2. b3 d5 3. Bb2 a6 4. g3 dxe4 5. Bg2 Nf6 6. Nc3 Be7 7. Nxe4 O-O 8. Ne2
Nbd7 9. O-O Rb8 10. a4 Nxe4 11. Bxe4 Bf6 12. d4 b6 13. c4 Bb7 14. Bxb7 Rxb7 15.
Qd3 c5 16. Rad1 Qe7 17. Ba3 Rbb8 18. Qf3 Rfd8 19. d5 Ne5 20. Qe4 exd5 21. cxd5
Qd7 22. Nf4 Re8 23. Rfe1 g6 24. Bb2 Rbd8 25. Kg2 Bg7 26. Qc2 Qd6 27. h4 Re7 28.
Re2 Rde8 29. Rde1 b5 30. axb5 axb5 31. Re4 Nd7 32. Bxg7 Rxe4 33. Rxe4 Rxe4 34.
Qxe4 Kxg7 35. h5 Nf6 36. Qf3 g5 37. Nd3 Nxd5 38. Qf5 h6 39. Qe5+ Qxe5 40. Nxe5
f6 41. Nd3 c4 42. bxc4 bxc4 43. Ne1 f5 44. Nc2 Kf6 45. Kf3 Ke5 46. Ke2 Nf6 47.
Ne3 c3 48. Kd3 Ne4 49. f3 Nxg3 50. Kxc3 Nxh5 51. Kd3 Ng3 52. Ng2 f4 53. Kd2 h5
54. Ke1 h4 55. Kf2 h3 56. Ne1 h2 0-1

[Event "Titled Tue 1st Jul Late"]
[Site "chess.com INT"]
[Date "2025.07.01"]
[Round "10"]
[White "Shapiro, Daniel"]
[Black "Guerrero Cataldo, Juan Andres"]
[Result "0-1"]
[WhiteTitle "FM"]
[BlackTitle "CM"]
[WhiteElo "2284"]
[BlackElo "2082"]
[WhiteFideId "2001780"]
[BlackFideId "3421260"]
[EventDate "2025.07.01"]

1. d4 Nf6 2. c4 g6 3. Nc3 d5 4. Nf3 Bg7 5. Qb3 dxc4 6. Qxc4 O-O 7. e4 a6 8. Qa4
Nbd7 9. Qc2 b5 10. e5 Ne8 11. Qe4 Nb6 12. Qh4 Bb7 13. Be2 b4 14. Ne4 Bxe4 15.
Qxe4 Qd5 16. Qh4 c5 17. dxc5 Qxc5 18. Be3 Qa5 19. O-O Nd5 20. Bh6 f6 21. Bc4 Kh8
22. Bxg7+ Kxg7 23. Qd4 Nb6 24. Bb3 Qb5 25. Rac1 a5 26. Rfd1 a4 27. Rc5 Qd7 28.
Bc2 Qxd4 29. Nxd4 Kf7 30. Rb5 fxe5 31. Nf3 Nc4 32. Rxb4 Ned6 33. Bd3 Na5 34.
Rxa4 e4 35. Ng5+ Kf6 36. Nxe4+ Nxe4 37. Bxe4 Ra7 38. Rd5 Nc6 39. Rxa7 Nxa7 40.
Rc5 Rb8 41. b3 Nc8 42. g4 Nd6 43. Bd3 Ra8 44. a4 Rb8 45. Bc2 h5 46. h3 hxg4 47.
hxg4 Nf7 48. Kf1 Ne5 49. Bd1 Rd8 50. Ke1 Nd3+ 51. Ke2 Nxc5 52. b4 Ne4 53. Bb3
Rd2+ 54. Ke3 Rb2 55. Bd5 Nxf2 56. b5 Nxg4+ 57. Kf4 Rb4+ 58. Kg3 Ne3 59. Bc6 Rxa4
60. b6 Rb4 61. b7 Nf5+ 62. Kf3 Nd4+ 0-1

[Event "Titled Tue 1st Jul Late"]
[Site "chess.com INT"]
[Date "2025.07.01"]
[Round "10"]
[White "Fernandes, Rogerio Paulo Muller"]
[Black "Dambaev, Dashi"]
[Result "1-0"]
[BlackTitle "CM"]
[WhiteElo "2241"]
[BlackElo "2211"]
[WhiteFideId "2101599"]
[BlackFideId "55628494"]
[EventDate "2025.07.01"]

1. c4 e5 2. g3 f5 3. Bg2 Nf6 4. Nc3 Bc5 5. d3 O-O 6. Nf3 d6 7. O-O Nc6 8. Bg5 h6
9. Bxf6 Qxf6 10. Nd5 Qf7 11. Rb1 a5 12. a3 a4 13. Nc3 Bd7 14. Nxa4 e4 15. Ne1
Ba7 16. Nc3 exd3 17. Nxd3 Kh7 18. e3 Qxc4 19. Bd5 Qa6 20. Rc1 Ne5 21. Nxe5 dxe5
22. Bxb7 Qxb7 23. Qxd7 Rad8 24. Qa4 Bb6 25. Qc2 Qf3 26. Rfd1 h5 27. Qe2 Qg4 28.
Qxg4 hxg4 29. Nd5 Rd6 30. Nxb6 Rxb6 31. b4 Ra8 32. Rxc7 Rxa3 33. Rdd7 Rg6 34.
Rf7 Rg5 35. Rce7 e4 36. Re5 Kg6 37. Rb7 Kf6 38. Rc5 Rh5 39. Rb6+ Kg5 40. Rc7 g6
41. Rcc6 Rh6 42. b5 Rb3 43. Kg2 Kh5 44. Rb8 Rh7 45. b6 Rd7 46. Rc7 Rd6 47. Rh8+
Kg5 48. h4+ 1-0

[Event "Titled Tue 1st Jul Late"]
[Site "chess.com INT"]
[Date "2025.07.01"]
[Round "10"]
[White "Tang, Austin"]
[Black "Beyer, Lorenz"]
[Result "0-1"]
[BlackTitle "CM"]
[WhiteElo "1979"]
[BlackElo "2226"]
[WhiteFideId "30964580"]
[BlackFideId "16245393"]
[EventDate "2025.07.01"]

1. d4 d5 2. c4 e6 3. Nf3 Nf6 4. e3 Be7 5. b3 O-O 6. Bd3 a5 7. O-O a4 8. bxa4 Nc6
9. cxd5 exd5 10. Nc3 Bg4 11. h3 Bh5 12. Bb2 Re8 13. Rc1 Nb4 14. Bb1 c6 15. a3
Na6 16. Bd3 Nc7 17. Be2 Ne6 18. Ne5 Bxe2 19. Qxe2 Nd7 20. f4 Nxe5 21. fxe5 Bg5
22. Rb1 Qe7 23. Kh1 f6 24. exf6 Bxf6 25. Qd3 Ng5 26. Bc1 Nf7 27. Qf5 Nd6 28. Qd3
Qe6 29. Bd2 Re7 30. Ne2 Qe4 31. Qxe4 Nxe4 32. Bb4 Rd7 33. a5 Be7 34. Kg1 Bd6 35.
Rb2 Be7 36. Nf4 Bg5 37. g4 Re8 38. Kg2 Nf6 39. Rf3 Bxf4 40. exf4 Re4 41. Bc5 Ne8
42. Kg3 g6 43. h4 Ng7 44. f5 gxf5 45. gxf5 Nh5+ 46. Kh3 Kf7 47. a4 Kf6 48. Rbb3
Nf4+ 49. Kh2 Ne2 50. Rbe3 Nxd4 51. Rxe4 Nxf3+ 52. Kg2 dxe4 0-1

[Event "Titled Tue 1st Jul Late"]
[Site "chess.com INT"]
[Date "2025.07.01"]
[Round "10"]
[White "Naroditsky, Daniel"]
[Black "Moroni, Luca Jr"]
[Result "0-1"]
[WhiteTitle "GM"]
[BlackTitle "GM"]
[WhiteElo "2619"]
[BlackElo "2549"]
[WhiteFideId "2026961"]
[BlackFideId "865834"]
[EventDate "2025.07.01"]

1. d4 Nf6 2. Nc3 d6 3. e4 g6 4. h4 h5 5. Bg5 Bg7 6. Qd2 Nc6 7. Nf3 Bg4 8. d5 Nb8
9. O-O-O c6 10. e5 Bxf3 11. exf6 exf6 12. Re1+ Kf8 13. Bf4 Bg4 14. dxc6 Nxc6 15.
f3 Be6 16. Qxd6+ Qxd6 17. Bxd6+ Kg8 18. Ne4 b6 19. Bb5 Nd4 20. Bd3 Rc8 21. Be7
Bf5 22. Nxf6+ Bxf6 23. Bxf5 gxf5 24. Bxf6 Nxc2 25. Re7 Rh6 26. Bc3 Nb4 27. Rxa7
Nd5 28. Kc2 Rhc6 29. Ra3 b5 30. Re1 b4 31. Ra5 Nb6 32. Rxf5 bxc3 33. b3 Rd6 34.
Re2 Nd5 35. a3 Re6 36. Rfe5 Nf4 37. R2e4 Nxg2 38. Rxe6 fxe6 39. Rxe6 Nxh4 40.
Re3 Nf5 41. Rd3 h4 42. f4 Kf7 43. b4 Kg6 44. b5 Kh5 45. a4 Kg4 46. b6 h3 47.
Rxh3 Kxh3 48. a5 Nd4+ 49. Kd3 c2 50. b7 c1=Q 51. bxc8=Q+ Qxc8 52. Kxd4 Qa6 53.
Ke4 Kg4 54. Ke5 Qxa5+ 55. Ke4 Qf5+ 56. Kd4 Qxf4+ 57. Kd3 Kf5 58. Ke2 Qg3 59. Kf1
Qh2 0-1

[Event "Titled Tue 1st Jul Late"]
[Site "chess.com INT"]
[Date "2025.07.01"]
[Round "10"]
[White "Volodin, Alexandr E."]
[Black "Bagheri, Maziar"]
[Result "0-1"]
[WhiteTitle "FM"]
[BlackTitle "FM"]
[WhiteElo "2344"]
[BlackElo "2287"]
[WhiteFideId "34268871"]
[BlackFideId "12530913"]
[EventDate "2025.07.01"]

1. d4 Nf6 2. Nc3 d5 3. Bf4 g6 4. e3 Bg7 5. h4 h5 6. Nf3 a6 7. Ne5 c5 8. dxc5
Nbd7 9. Nxd5 Nxd5 10. Qxd5 Nxe5 11. Qxd8+ Kxd8 12. O-O-O+ Ke8 13. Rd5 Nc6 14.
Be2 Be6 15. Rd2 Rd8 16. Rhd1 Rxd2 17. Rxd2 Be5 18. Bxe5 Nxe5 19. f4 Nc6 20. a3
Kf8 21. Bf3 Kg7 22. b4 Rc8 23. Kb2 Rc7 24. g3 Kf8 25. c3 Ke8 26. a4 Nd8 27. Rd4
Rd7 28. b5 axb5 29. axb5 Rc7 30. c6 bxc6 31. b6 Rb7 32. Rb4 Kd7 33. c4 Bg4 34.
Bg2 Ne6 35. Kc3 Nc5 36. Kd4 Kd6 37. e4 Ne6+ 38. Kc3 Kc5 39. Ra4 Kxb6 40. e5 Kc7
41. Ra6 Rb3+ 42. Kc2 Bf5+ 43. Kxb3 Nc5+ 44. Kb4 Nxa6+ 45. Ka5 Nc5 46. Kb4 Ne4
47. Bf3 Nxg3 48. Kc3 Be4 49. Bd1 Nf5 50. Kd2 c5 51. Ke2 Bc6 52. Kf2 Kd7 53. Bc2
e6 54. Bxf5 gxf5 55. Ke3 Be4 56. Kd2 Kc6 57. Kc3 Kb6 58. Kb3 Ka5 59. Ka3 Bd3 60.
Kb3 Bf1 61. Kb2 Ka4 62. Kc3 Ka3 63. Kc2 Bxc4 64. Kb1 Bd5 65. Ka1 Ka4 66. Kb2 Kb5
67. Kc3 c4 68. Kd4 Kb4 69. Ke3 Kc3 70. Kf2 Kd4 71. Kg3 Ke4 72. Kh3 Kxf4 73. Kh2
Kg4 74. Kg1 Kxh4 75. Kh2 Kg4 76. Kg1 Kf4 77. Kh2 Kxe5 78. Kh3 f6 79. Kh4 f4 80.
Kh3 Kf5 81. Kh2 c3 82. Kg1 c2 83. Kh2 c1=Q 0-1

[Event "Titled Tue 1st Jul Late"]
[Site "chess.com INT"]
[Date "2025.07.01"]
[Round "10"]
[White "Goryachkina, Aleksandra"]
[Black "Salinas Herrera, Pablo"]
[Result "0-1"]
[WhiteTitle "GM"]
[BlackTitle "GM"]
[WhiteElo "2533"]
[BlackElo "2447"]
[WhiteFideId "4147103"]
[BlackFideId "3407128"]
[EventDate "2025.07.01"]

1. e4 c5 2. Nf3 e6 3. c3 d5 4. exd5 Qxd5 5. d4 Nf6 6. Na3 a6 7. Nc4 Nbd7 8. a4
b6 9. Be2 Bb7 10. O-O cxd4 11. Qxd4 Bc5 12. Qh4 O-O 13. Be3 Bxe3 14. Nxe3 Qc5
15. Rfd1 Rad8 16. Rd4 Bxf3 17. Bxf3 Ne5 18. Be2 Ng6 19. Qg3 Rxd4 20. cxd4 Qxd4
21. Bxa6 Qxb2 22. Rd1 Ne4 23. Qf3 Nc3 24. Rd6 Nxa4 25. g3 Nc5 26. Bf1 Ne5 27.
Qf4 Ng6 28. Qc4 h6 29. h4 Ne5 30. Qf4 Ng6 31. Qc4 Ra8 32. h5 Nf8 33. Qf4 Nfd7
34. Nc4 Qb4 35. Qc1 b5 36. Ne3 Ne5 37. Be2 Nb3 38. Qd1 Ra1 39. Rd8+ Kh7 40. Qxa1
Nxa1 41. Nf1 Qe1 42. Bxb5 Nc2 43. f4 Ne3 44. fxe5 Nxf1 45. Bxf1 Qxg3+ 46. Kh1
Qxe5 47. Bd3+ f5 48. Bf1 Qg3 49. Bg2 Qh4+ 0-1